Formule 1 - Top 10 plus jeunes pilotes sur un podium - Statistiques

Statistiques générales
  • Ce quiz a été pris 75 fois
  • Le résultat moyen est 4 sur 10
Statistiques - réponses
Âges Pilotes % Correct
18 ans, 7 mois et 15 jours Max Verstappen
96%
20 ans, 11 mois et 3 jours Isack Hadjar
58%
21 ans, 2 mois et 11 jours Sebastian Vettel
54%
18 ans, 9 mois et 21 jours Kimi Antonelli
51%
18 ans, 7 mois et 27 jours Lance Stroll
51%
20 ans, 7 mois et 22 jours Lando Norris
39%
21 ans, 5 mois et 15 jours Charles Leclerc
37%
21 ans, 7 mois et 23 jours Fernando Alonso
28%
21 ans, 3 mois et 0 jour Daniil Kvyat
9%
21 ans, 5 mois et 11 jours Kevin Magnussen
9%
Aucun quiz correspondant
Distribution des résultats
% des personnes avec chaque résultat
Percentile par nombre de réponses
Votre historique - résultats
Vous n’avez pas pris ce quiz